Statistics for NBA TOP 100 EVER

Click here to take the quiz!

General Stats

  • This quiz has been taken 36 times
  • The average score is 63 of 101

Answer Stats

TeamRankAnswer% Correct
Lakers2.Lebron James
100%
Bulls1.Michael Jordan
100%
Celtics6.Larry Bird
96%
Lakers5.Magic Johnson
96%
Spurs4.Tim Duncan
96%
Celtics7.Bill Russell
93%
Bucks3.Kareem Abdul Jabbar
93%
Heat13.Dwyane Wade
89%
Lakers28.Jerry West
89%
Lakers8.Kobe Bryant
89%
Lakers10.Shaq O'neal
89%
Warriors9.Steph Curry
89%
Warriors12.Wilt Chamberlain
89%
Jazz16.Karl Malone
85%
76ers15.Moses Malone
85%
Celtics38.Bob Cousy
81%
Suns92.Dennis Johnson
81%
Bucks20.Giannis Antetokounmpo
81%
76ers17.Julius Erving
81%
Timberwolves20.Kevin Garnett
81%
Cavaliers82.Kyrie Irving
81%
Kings14.Oscar Robertson
81%
Suns26.Chris Paul
78%
Rockets40.James Harden
78%
Jazz25.John Stockton
78%
Bulls23.Scottie Pippen
78%
Suns27.Steve Nash
78%
Spurs58.Tony Parker
78%
76ers45.Allen Iverson
74%
Lakers49.Anthony Davis
74%
Suns21.Charles Barkley
74%
Spurs24.David Robinson
74%
Celtics31.John Havlicek
74%
Suns19.Kevin Durant
74%
Warriors64.Klay Thompson
74%
Nuggets46.Carmelo Anthony
70%
Blazers41.Clyde Drexler
70%
Nuggets69.David Thompson
70%
Mavericks18.Dirk Nowitski
70%
Pistons29.Isiah Thomas
70%
Lakers48.James Worthy
70%
Knicks51.Patrick Ewing
70%
Heat79.Chris Bosh
67%
Lakers30.Elgin Baylor
67%
Clippers34.Kawhi Leonard
67%
Spurs80.Manu Ginobili
67%
Celtics77.Paul Pierce
67%
Pacers65.Reggie Miller
67%
Magic96.Tracy Mcgrady
67%
Blazers32.Bill Walton
63%
Blazers50.Damian Lillard
63%
Nets39.Jason Kidd
63%
Celtics47.Kevin Mchale
63%
Nuggets22.Nikola Jokic
63%
Nuggets70.Alex English
59%
Bulls72.Dennis Rodman
59%
Hawks55.Dominique Wilkins
59%
Sonics53.Gary Payton
59%
Clippers44.Russell Westbrook
59%
Raptors63.Vince Carter
59%
Wizards42.Wes Unseld
59%
Heat59.Alonzo Mourning
56%
Pistons91.Joe Dumars
56%
Knicks33.Walt Frazier
56%
Clippers56.Bob Mcadoo
52%
Kings74.Chris Webber
52%
Suns90.Devin Booker
52%
Spurs36.George Gervin
52%
Celtics89.Jayson Tatum
52%
Grizzilies95.Marc Gasol
52%
Lakers71.Pau Gasol
52%
Clippers88.Paul George
52%
Celtics61. | 76.Robert Parish
52%
Celtics99.Blake Griffin
48%
Warriors86.Chris Mullin
48%
Hawks60.Dikembe Mutombo
48%
Magic62.Dwight Howard
48%
Heat66.Jimmy Butler
48%
Wizards52.Elvin Hayes
44%
Lakers57.George Mikan
44%
Raptors67.Kyle Lowry
44%
Jazz37.Pete Maravich
44%
Warriors43.Rick Barry
44%
Knicks54.Willis Reed
44%
Hawks35.Bob Petit
41%
Magic83.Grant Hill
41%
Rockets11.Hakeem Olajuwan
41%
Knicks68.Bernard King
37%
Celtics100.Sam Jones
37%
Rockets93.Yao Ming
37%
Pistons87.Chauncey Billups
33%
Celtics75.Dave Cowens
33%
Knicks85.Earl Monroe
33%
Heat81.Kevin Love
33%
Bucks78.Sidney Moncrief
30%
Kings73.Jerry Lucas
22%
Bulls84.Artis Gilmore
19%
Lakers98.Gail Goodrich
15%
76ers94.Paul Arizin
15%
Blazers97.Brandon Roy
11%

Score Distribution

Percentile by Number Answered

Percent of People with Each Score

Your Score History

You have not taken this quiz